000 00451nmm a2200157Ia 4500
008 251105s9999||||xx |||||||||||||||||und||
020 _a9789560106933
041 _aspa
100 _aReyes, Bernardo
245 0 _aCarta para un hijo imaginario
264 _a[Santiago de Chile, Chile] :
_bRil editores,
_c2019
300 _a56 páginas
650 _aLatin American poetry
856 _uhttps://public.digitaliapublishing.com/a/65472
942 _cCF
999 _c94021
_d94021